[Event "HUN-chT2 Toth 2122"]
[Site "Hungary"]
[Date "2022.02.13"]
[Round "6.10"]
[White "Markus, Molli Amina"]
[Black "Takacs, Tamas"]
[Result "1-0"]
[WhiteElo "1837"]
[BlackElo "1442"]
[PlyCount "97"]
[EventDate "2021.10.10"]
[EventType "team-tourn"]
[EventRounds "9"]
[EventCountry "HUN"]
[SourceTitle "EXT 2025"]
[Source "ChessBase"]
[SourceDate "2024.10.14"]
[SourceVersion "1"]
[SourceVersionDate "2024.10.14"]
[SourceQuality "1"]
[WhiteTeam "Maroczy II"]
[BlackTeam "Mako Duocor II"]
[WhiteTeamCountry "HUN"]
[BlackTeamCountry "HUN"]

1. Nf3 d5 2. c4 e6 3. g3 Nf6 4. Bg2 c6 5. 0-0 Be7 6. e3 0-0 7. b3 Nbd7 8. Bb2 Ne4 9. d3 Ng5 10. Nxg5 Bxg5 11. f4 Bf6 12. Qc2 Qb6 13. Re1 d4 14. e4 e5 15. f5 Bg5 16. Bc1 Bxc1 17. Qxc1 h6 18. g4 f6 19. h4 c5 20. Nd2 Re8 21. Nf3 Qd6 22. Kf2 Nf8 23. Rg1 Nh7 24. Bh3 Qe7 25. Rg2 Kf7 26. g5 hxg5 27. hxg5 fxg5 28. Nxg5+ Nxg5 29. Qxg5 Qxg5 30. Rxg5 Kf6 31. Rag1 Re7 32. Rg6+ Kf7 33. Rxg7+ Kf8 34. Rg8+ Kf7 35. R1g7+ Kf6 36. Rxe7 Kxe7 37. Rxc8 Rxc8 38. f6+ Kxf6 39. Bxc8 b6 40. Kg3 Kg5 41. Bg4 a6 42. a3 a5 43. a4 Kh6 44. Kh4 Kg6 45. Bf5+ Kh6 46. Kg4 Kg7 47. Kg5 Kf7 48. Bc8 Ke7 49. Kf5 1-0

[Event "HUN-chT2 Szechenyi 1213"]
[Site "Hungary"]
[Date "2013.04.07"]
[Round "10.1"]
[White "Takacs, Tamas"]
[Black "Istvandi, Lajos"]
[Result "0-1"]
[WhiteElo "2209"]
[BlackElo "2307"]
[PlyCount "84"]
[EventDate "2012.09.16"]
[EventType "team-tourn"]
[EventRounds "11"]
[EventCountry "HUN"]
[SourceTitle "EXT 2014"]
[Source "ChessBase"]
[SourceDate "2013.11.20"]
[SourceVersion "1"]
[SourceVersionDate "2013.11.20"]
[SourceQuality "1"]
[WhiteTeam "Peti MTE"]
[BlackTeam "Tapolca"]
[WhiteTeamCountry "HUN"]
[BlackTeamCountry "HUN"]

1. e4 e5 2. f4 exf4 3. Nf3 d5 4. exd5 Nf6 5. c4 c6 6. d4 cxd5 7. Bxf4 Bb4+ 8. Nc3 0-0 9. Be2 dxc4 10. Bxc4 Nc6 11. 0-0 Bg4 12. a3 Ba5 13. d5 Ne7 14. b4 Bb6+ 15. Kh1 Rc8 16. Qb3 Bxf3 17. Rxf3 Nf5 18. Ne2 Ng4 19. h3 Nf2+ 20. Kh2 Nh4 21. Rg3 Ne4 22. Rd3 Qf6 23. Rc1 g5 24. Bg3 Nxg3 25. Nxg3 Qf4 26. Rdc3 Bf2 27. Rf1 Bxg3+ 28. Rxg3 Qxc4 29. Rxg5+ Ng6 30. Qf3 Qc3 31. Qf5 Qc2 32. Qf6 Qc3 33. Qf5 Rc4 34. Rf3 Qd2 35. Rd3 Qf4+ 36. Qxf4 Rxf4 37. d6 f5 38. Kg3 Rf1 39. d7 Rd8 40. h4 Kf7 41. h5 Kf6 42. hxg6 hxg6 0-1

[Event "HUN-chT2 Erkel 1213"]
[Site "Hungary"]
[Date "2013.03.03"]
[Round "8.11"]
[White "Fodor, Balazs"]
[Black "Takacs, Tamas"]
[Result "1-0"]
[WhiteElo "1802"]
[BlackElo "1499"]
[PlyCount "59"]
[EventDate "2012.09.16"]
[EventType "team-tourn"]
[EventRounds "11"]
[EventCountry "HUN"]
[SourceTitle "EXT 2014"]
[Source "ChessBase"]
[SourceDate "2013.11.20"]
[SourceVersion "1"]
[SourceVersionDate "2013.11.20"]
[SourceQuality "1"]
[WhiteTeam "Nagykata"]
[BlackTeam "Pestszentlorinc"]
[WhiteTeamCountry "HUN"]
[BlackTeamCountry "HUN"]

1. d4 d5 2. c4 e6 3. Nc3 Nf6 4. Bg5 Be7 5. Qc2 0-0 6. Nf3 Nbd7 7. e3 dxc4 8. Bxc4 b6 9. Rd1 Bb7 10. e4 h6 11. Be3 Bb4 12. Bd3 Ne8 13. Nd2 Be7 14. 0-0 c5 15. Nb3 Qc7 16. Qe2 cxd4 17. Nxd4 Ne5 18. Bb1 Rd8 19. f4 Ng6 20. e5 Qc8 21. Qg4 Nc7 22. Bxg6 fxg6 23. Qxg6 a6 24. f5 exf5 25. Nxf5 Rxf5 26. Rxd8+ Qxd8 27. Qxf5 Bc5 28. Bxc5 bxc5 29. Qf7+ Kh8 30. Qf8+ 1-0

[Event "HUN-chT2 Szechenyi 1213"]
[Site "Hungary"]
[Date "2013.01.27"]
[Round "6.1"]
[White "Nagy, Bence"]
[Black "Takacs, Tamas"]
[Result "1-0"]
[WhiteElo "2361"]
[BlackElo "2209"]
[PlyCount "75"]
[EventDate "2012.09.16"]
[EventType "team-tourn"]
[EventRounds "11"]
[EventCountry "HUN"]
[SourceTitle "EXT 2014"]
[Source "ChessBase"]
[SourceDate "2013.11.20"]
[SourceVersion "1"]
[SourceVersionDate "2013.11.20"]
[SourceQuality "1"]
[WhiteTeam "Lovo"]
[BlackTeam "Peti MTE"]
[WhiteTeamCountry "HUN"]
[BlackTeamCountry "HUN"]

1. e4 c5 2. Nf3 d6 3. d4 cxd4 4. Nxd4 Nf6 5. Nc3 g6 6. g3 Nc6 7. Bg2 Bg4 8. Nde2 Bg7 9. h3 Bd7 10. 0-0 0-0 11. Kh2 Rb8 12. a4 a6 13. Nd5 b5 14. axb5 axb5 15. c3 Nxd5 16. exd5 Ne5 17. b3 f5 18. f4 Nf7 19. Be3 b4 20. Nd4 bxc3 21. Ra7 Qc8 22. Nc6 Bxc6 23. dxc6 e6 24. c7 Rb4 25. Bc6 d5 26. Bc5 Re4 27. b4 Rc4 28. Qa4 Bd4 29. Bxd4 Rxd4 30. Qa5 c2 31. Ba4 Rd2+ 32. Kg1 Nd6 33. b5 Nc4 34. Qc3 Qd7 35. b6 Qd6 36. c8Q Qxb6+ 37. Kh1 Qxa7 38. Qh8+ 1-0

[Event "HUN-chT2 Erkel 1112"]
[Site "Hungary"]
[Date "2012.03.25"]
[Round "8.6"]
[White "Balogh, Pal"]
[Black "Takacs, Tamas"]
[Result "1/2-1/2"]
[WhiteElo "1922"]
[BlackElo "1444"]
[PlyCount "34"]
[EventDate "2011.09.25"]
[EventType "team-tourn"]
[EventRounds "11"]
[EventCountry "HUN"]
[SourceTitle "EXT 2013"]
[Source "ChessBase"]
[SourceDate "2012.11.22"]
[SourceVersion "1"]
[SourceVersionDate "2012.11.22"]
[SourceQuality "1"]
[WhiteTeam "Matra"]
[BlackTeam "Pestszentlorinc"]
[WhiteTeamCountry "HUN"]
[BlackTeamCountry "HUN"]

1. e4 e5 2. d4 exd4 3. Nf3 Nc6 4. Bc4 h6 5. 0-0 d6 6. Nxd4 Bd7 7. f4 Nf6 8. Nc3 Be7 9. h3 0-0 10. Be3 Nxd4 11. Bxd4 Bc6 12. Qe2 Nd7 13. Rad1 Bf6 14. e5 dxe5 15. fxe5 Bg5 16. e6 fxe6 17. Bxe6+ Kh8 1/2-1/2

[Event "HUN-chT2 Erkel 1112"]
[Site "Hungary"]
[Date "2012.03.12"]
[Round "7.1"]
[White "Toth Katona, Tamas"]
[Black "Takacs, Tamas"]
[Result "1-0"]
[WhiteElo "1630"]
[BlackElo "1444"]
[PlyCount "83"]
[EventDate "2011.09.25"]
[EventType "team-tourn"]
[EventRounds "11"]
[EventCountry "HUN"]
[SourceTitle "EXT 2013"]
[Source "ChessBase"]
[SourceDate "2012.11.22"]
[SourceVersion "1"]
[SourceVersionDate "2012.11.22"]
[SourceQuality "1"]
[WhiteTeam "Vizugy"]
[BlackTeam "Pestszentlorinc"]
[WhiteTeamCountry "HUN"]
[BlackTeamCountry "HUN"]

1. e4 e5 2. Nc3 Nc6 3. Bc4 Nf6 4. Nge2 d6 5. d3 Be7 6. h3 0-0 7. 0-0 Na5 8. Bb3 Nxb3 9. axb3 Be6 10. f4 exf4 11. Bxf4 Nd7 12. d4 Nb6 13. Qd2 a6 14. Ng3 Re8 15. Nh5 Bf8 16. Qf2 f6 17. Rae1 Bf7 18. Ng3 Qd7 19. Nce2 Qc6 20. Nc3 Rad8 21. Kh1 Qd7 22. Qf3 Rb8 23. Nd1 Nc8 24. Ne3 Ne7 25. Nef5 Nc6 26. Nh5 Bxh5 27. Qxh5 g6 28. Qg4 Kh8 29. Ne3 Qxg4 30. Nxg4 Nxd4 31. Nxf6 Re7 32. Nd5 Rd7 33. e5 dxe5 34. Bxe5+ Bg7 35. Nf6 Bxf6 36. Bxf6+ Kg8 37. Rd1 c5 38. c3 Ne2 39. Rxd7 Ng3+ 40. Kg1 Nxf1 41. Kxf1 Rf8 42. Rg7+ 1-0

[Event "HUN-chT2 Erkel 1112"]
[Site "Hungary"]
[Date "2012.02.19"]
[Round "6.11"]
[White "Takacs, Tamas"]
[Black "Horvath, Attila Bela"]
[Result "0-1"]
[WhiteElo "1444"]
[BlackElo "1817"]
[PlyCount "77"]
[EventDate "2011.09.25"]
[EventType "team-tourn"]
[EventRounds "11"]
[EventCountry "HUN"]
[SourceTitle "EXT 2013"]
[Source "ChessBase"]
[SourceDate "2012.11.22"]
[SourceVersion "1"]
[SourceVersionDate "2012.11.22"]
[SourceQuality "1"]
[WhiteTeam "Pestszentlorinc"]
[BlackTeam "MAFC"]
[WhiteTeamCountry "HUN"]
[BlackTeamCountry "HUN"]

1. d4 d5 2. Nf3 c6 3. Bf4 Nf6 4. e3 Bf5 5. c4 e6 6. Nc3 Bb4 7. Qb3 Qa5 8. a3 Bxc3+ 9. bxc3 0-0 10. Qb4 Qxb4 11. cxb4 a5 12. b5 cxb5 13. cxb5 Nbd7 14. a4 Rfc8 15. Be2 Rc2 16. Bd1 Rc3 17. 0-0 Rac8 18. Bd6 Bd3 19. Re1 Ne4 20. Ba3 Nb6 21. Bb2 R3c7 22. Ne5 Bc2 23. Bxc2 Rxc2 24. Nd3 Rd2 25. Red1 Rxd1+ 26. Rxd1 Nxa4 27. f3 Nxb2 28. Nxb2 Nc3 29. Ra1 b6 30. Nd3 f6 31. Kf1 Rc4 32. Rc1 Na4 33. Ra1 Kf7 34. Ke1 Ke7 35. Kd2 Nc3 36. Nb2 Rc7 37. Nd3 Nxb5 38. Rb1 Na3 39. Ne1 0-1

[Event "HUN-chT2 Erkel 1112"]
[Site "Hungary"]
[Date "2011.10.30"]
[Round "2.11"]
[White "Takacs, Tamas"]
[Black "Kovacs, Daniel1"]
[Result "1/2-1/2"]
[WhiteElo "1444"]
[BlackElo "1752"]
[PlyCount "66"]
[EventDate "2011.09.25"]
[EventType "team-tourn"]
[EventRounds "11"]
[EventCountry "HUN"]
[SourceTitle "EXT 2013"]
[Source "ChessBase"]
[SourceDate "2012.11.22"]
[SourceVersion "1"]
[SourceVersionDate "2012.11.22"]
[SourceQuality "1"]
[WhiteTeam "Pestszentlorinc"]
[BlackTeam "Paszto"]
[WhiteTeamCountry "HUN"]
[BlackTeamCountry "HUN"]

1. d4 d5 2. Bf4 Bf5 3. Nf3 Nc6 4. a3 e6 5. e3 a6 6. c4 dxc4 7. Bxc4 Nf6 8. Nc3 h6 9. 0-0 Bd6 10. Bxd6 cxd6 11. Bd3 Bg4 12. h3 Bh5 13. Be2 0-0 14. Nd2 Bg6 15. Bf3 Qe7 16. Rc1 d5 17. Nb3 Nd7 18. Be2 Rad8 19. Bd3 Bxd3 20. Qxd3 Nb6 21. Nd2 f6 22. Ne2 Nc8 23. Nf3 e5 24. dxe5 fxe5 25. Qb3 e4 26. Nfd4 Ne5 27. Nf4 Rfe8 28. Nxd5 Qf7 29. Nf4 Qxb3 30. Nxb3 Nd6 31. Rfd1 g5 32. Nd5 Rf8 33. Nd4 Nd3 1/2-1/2

[Event "HUN-chT2 Asztalos 0910"]
[Site "Hungary"]
[Date "2010.02.28"]
[Round "7"]
[White "Takacs, Tamas"]
[Black "Toth, David"]
[Result "1-0"]
[WhiteElo "2027"]
[BlackElo "2014"]
[PlyCount "89"]
[EventDate "2009.11.08"]
[EventType "team-tourn"]
[EventRounds "11"]
[EventCountry "HUN"]
[SourceTitle "EXT 2011"]
[Source "ChessBase"]
[SourceDate "2010.11.26"]
[SourceVersion "1"]
[SourceVersionDate "2010.11.26"]
[SourceQuality "1"]
[WhiteTeam "Szekesfehervar"]
[BlackTeam "Pannonpower II"]
[WhiteTeamCountry "HUN"]
[BlackTeamCountry "HUN"]

1. e4 c5 2. Nf3 Nc6 3. d4 cxd4 4. Nxd4 Nf6 5. Nc3 e5 6. Ndb5 d6 7. Bg5 a6 8. Na3 b5 9. Nd5 Be7 10. Bxf6 Bxf6 11. c3 Bg5 12. Nc2 0-0 13. a4 bxa4 14. Rxa4 Ne7 15. Bc4 Bb7 16. 0-0 Nxd5 17. Bxd5 Bxd5 18. Qxd5 Kh8 19. Rd1 Qd7 20. Rb4 Qg4 21. h3 Qe2 22. Qd3 Qh5 23. Rb6 f5 24. Rxd6 fxe4 25. Qxe4 Qf7 26. Qe2 Rab8 27. Nb4 Bh4 28. g3 Be7 29. Rd7 Qe6 30. Rxe7 Qxe7 31. Nc6 Qe6 32. Nxb8 Rxb8 33. c4 Qxh3 34. Qxe5 Qc8 35. c5 Ra8 36. Qd6 h6 37. c6 Ra7 38. Qc5 Rc7 39. Rd6 Kh7 40. Qc2+ Kh8 41. Qd3 Rxc6 42. Rd8+ Qxd8 43. Qxd8+ Kh7 44. Qd3+ Kh8 45. f4 1-0

[Event "HUN-chT2 Asztalos 0910"]
[Site "Hungary"]
[Date "2010.02.14"]
[Round "6"]
[White "Haraszti, Laszlo"]
[Black "Takacs, Tamas"]
[Result "1/2-1/2"]
[WhiteElo "1944"]
[BlackElo "2027"]
[PlyCount "61"]
[EventDate "2009.11.08"]
[EventType "team-tourn"]
[EventRounds "11"]
[EventCountry "HUN"]
[SourceTitle "EXT 2011"]
[Source "ChessBase"]
[SourceDate "2010.11.26"]
[SourceVersion "1"]
[SourceVersionDate "2010.11.26"]
[SourceQuality "1"]
[WhiteTeam "Siklos"]
[BlackTeam "Szekesfehervar"]
[WhiteTeamCountry "HUN"]
[BlackTeamCountry "HUN"]

1. e4 c5 2. Nf3 d6 3. d4 cxd4 4. Nxd4 Nf6 5. Nc3 g6 6. f4 Bg7 7. e5 Bg4 8. Bb5+ Nbd7 9. Qd3 dxe5 10. fxe5 Ng8 11. h3 Be6 12. Nxe6 fxe6 13. Bf4 a6 14. Bxd7+ Qxd7 15. Qxd7+ Kxd7 16. 0-0-0+ Kc6 17. Ne2 Bh6 18. Nd4+ Kb6 19. Nxe6 Rc8 20. Rhf1 Rc6 21. Nd8 Rc4 22. Bxh6 Nxh6 23. Nf7 Nxf7 24. Rxf7 Rc7 25. Rd3 h6 26. Rb3+ Ka7 27. Rd3 Re8 28. Kd2 Rc5 29. Re3 Rd8+ 30. Kc1 Rc7 31. b3 1/2-1/2

[Event "HUN-chT2 Asztalos 0910"]
[Site "Hungary"]
[Date "2010.01.31"]
[Round "5"]
[White "Gyugyi, Peter"]
[Black "Takacs, Tamas"]
[Result "0-1"]
[WhiteElo "2088"]
[BlackElo "2027"]
[PlyCount "46"]
[EventDate "2009.11.08"]
[EventType "team-tourn"]
[EventRounds "11"]
[EventCountry "HUN"]
[SourceTitle "EXT 2011"]
[Source "ChessBase"]
[SourceDate "2010.11.26"]
[SourceVersion "1"]
[SourceVersionDate "2010.11.26"]
[SourceQuality "1"]
[WhiteTeam "Nagyatad"]
[BlackTeam "Szekesfehervar"]
[WhiteTeamCountry "HUN"]
[BlackTeamCountry "HUN"]

1. e4 c5 2. Nf3 d6 3. d4 cxd4 4. Nxd4 Nf6 5. Nc3 g6 6. h3 Bg7 7. Bc4 0-0 8. 0-0 a6 9. Bb3 b5 10. Re1 Bb7 11. a4 b4 12. Nd5 Nc6 13. Nxc6 Bxc6 14. Bg5 Bxd5 15. exd5 Re8 16. a5 Nd7 17. Qc1 Nc5 18. Bc4 Qc7 19. Bd2 Nb7 20. Bd3 Qc5 21. Ra4 b3 22. c4 Qd4 23. Qc3 Qxc3 0-1

[Event "HUN-chT2 Asztalos 0910"]
[Site "Hungary"]
[Date "2009.12.20"]
[Round "4"]
[White "Takacs, Tamas"]
[Black "Kadar, Gabor"]
[Result "1/2-1/2"]
[WhiteElo "2027"]
[BlackElo "2196"]
[PlyCount "62"]
[EventDate "2009.11.08"]
[EventType "team-tourn"]
[EventRounds "11"]
[EventCountry "HUN"]
[SourceTitle "EXT 2011"]
[Source "ChessBase"]
[SourceDate "2010.11.26"]
[SourceVersion "1"]
[SourceVersionDate "2010.11.26"]
[SourceQuality "1"]
[WhiteTeam "Szekesfehervar"]
[BlackTeam "Komlo"]
[WhiteTeamCountry "HUN"]
[BlackTeamCountry "HUN"]

1. e4 c5 2. Nf3 Nc6 3. d4 cxd4 4. Nxd4 Nf6 5. Nc3 e6 6. a3 Qa5 7. Nb3 Qc7 8. g3 a6 9. Bf4 d6 10. Bg2 Be7 11. 0-0 0-0 12. Qe2 Ne5 13. Rad1 Nc4 14. Bc1 Nxa3 15. Rd4 b5 16. e5 dxe5 17. Rd3 e4 18. Nxe4 Nd5 19. bxa3 Bb7 20. Bb2 Rac8 21. Nd4 Rfe8 22. f4 f5 23. Nd2 Bc5 24. N2f3 Nf6 25. h3 Ne4 26. Kh2 h6 27. Nb3 Bd5 28. Ne5 Bc4 29. Bxe4 fxe4 30. Qxe4 Bxd3 31. cxd3 Bxa3 1/2-1/2

[Event "HUN-chT2 Asztalos 0910"]
[Site "Hungary"]
[Date "2009.12.06"]
[Round "3"]
[White "Takacs, Tamas"]
[Black "Neber, Akos"]
[Result "1-0"]
[WhiteElo "2027"]
[BlackElo "2169"]
[PlyCount "95"]
[EventDate "2009.11.08"]
[EventType "team-tourn"]
[EventRounds "11"]
[EventCountry "HUN"]
[SourceTitle "EXT 2011"]
[Source "ChessBase"]
[SourceDate "2010.11.26"]
[SourceVersion "1"]
[SourceVersionDate "2010.11.26"]
[SourceQuality "1"]
[WhiteTeam "Szekesfehervar"]
[BlackTeam "Szenna Pack"]
[WhiteTeamCountry "HUN"]
[BlackTeamCountry "HUN"]

1. e4 e6 2. d4 d5 3. Nc3 Nf6 4. Bg5 Be7 5. e5 Nfd7 6. Bxe7 Qxe7 7. f4 a6 8. Qd2 c5 9. Nf3 Nc6 10. dxc5 Nxc5 11. Bd3 b5 12. Ne2 0-0 13. Ned4 Nxd4 14. Nxd4 f6 15. 0-0 fxe5 16. fxe5 Bd7 17. a3 Rxf1+ 18. Rxf1 Rf8 19. Rxf8+ Qxf8 20. Qf2 Qe7 21. h4 Be8 22. b4 Na4 23. g3 Bf7 24. Kg2 Qc7 25. Nf3 h6 26. Qd4 Be8 27. g4 Nc3 28. Kg3 Bg6 29. Qc5 Qxc5 30. bxc5 Bxd3 31. c6 Na4 32. cxd3 Kf7 33. c7 Nb6 34. Nd4 Nc8 35. Nb3 Ke7 36. Nc5 a5 37. Kf4 Nb6 38. Ke3 Nc8 39. Kd4 g6 40. h5 g5 41. Nb7 Kd7 42. Nxa5 Kxc7 43. Kc5 Ne7 44. Nb3 Nc6 45. d4 Ne7 46. Kxb5 Nf5 47. gxf5 exf5 48. Kc5 1-0

[Event "HUN-chT2 Asztalos 0809"]
[Site "Hungary"]
[Date "2009.04.05"]
[Round "10"]
[White "Horvath, Miklos"]
[Black "Takacs, Tamas"]
[Result "1-0"]
[WhiteElo "2280"]
[BlackElo "2027"]
[PlyCount "51"]
[EventDate "2008.10.26"]
[EventType "tourn"]
[EventRounds "11"]
[EventCountry "HUN"]
[SourceTitle "EXT 2010"]
[Source "ChessBase"]
[SourceDate "2010.11.25"]
[SourceVersion "1"]
[SourceVersionDate "2010.11.25"]
[SourceQuality "1"]
[WhiteTeam "Fehervar"]
[BlackTeam "MAV Elore"]
[WhiteTeamCountry "HUN"]
[BlackTeamCountry "HUN"]

1. e4 c5 2. c3 Nf6 3. e5 Nd5 4. d4 cxd4 5. Nf3 Nc6 6. cxd4 d6 7. Be2 g6 8. Qb3 dxe5 9. Nxe5 Bg7 10. Bb5 Qd6 11. Nc3 Bxe5 12. Qxd5 Bxd4 13. Qxd6 exd6 14. Nd5 Kd7 15. 0-0 a6 16. Ba4 b5 17. Bb3 Na5 18. Rd1 Nxb3 19. axb3 Ba7 20. Bf4 f5 21. Rac1 h6 22. Rc7+ Kd8 23. Bxd6 Re8 24. Be7+ Rxe7 25. Rxe7 Bc5 26. Rh7 1-0

[Event "HUN-chT2 Asztalos 0809"]
[Site "Hungary"]
[Date "2008.11.30"]
[Round "3"]
[White "Takacs, Tamas"]
[Black "Mitric, Milutin"]
[Result "1-0"]
[WhiteElo "2027"]
[BlackElo "1957"]
[PlyCount "103"]
[EventDate "2008.10.26"]
[EventType "tourn"]
[EventRounds "11"]
[EventCountry "HUN"]
[SourceTitle "EXT 2010"]
[Source "ChessBase"]
[SourceDate "2010.11.25"]
[SourceVersion "1"]
[SourceVersionDate "2010.11.25"]
[SourceQuality "1"]
[WhiteTeam "MAV Elore"]
[BlackTeam "Mohacs"]
[WhiteTeamCountry "HUN"]
[BlackTeamCountry "HUN"]

1. e4 d6 2. d4 Nf6 3. Nc3 g6 4. Be2 Bg7 5. Be3 c6 6. g4 Qa5 7. f3 b5 8. a3 Ba6 9. b4 Qc7 10. Qd2 Bb7 11. Nh3 h5 12. g5 Nh7 13. 0-0 0-0 14. f4 Bc8 15. f5 e5 16. d5 a6 17. Rad1 Rd8 18. fxg6 fxg6 19. dxc6 Nxc6 20. Nd5 Qb7 21. Nf2 Nd4 22. c3 Nxe2+ 23. Qxe2 Be6 24. c4 Rac8 25. cxb5 axb5 26. Qd3 Rc6 27. Rc1 Rdc8 28. Rxc6 Rxc6 29. Rc1 Rxc1+ 30. Bxc1 Bf8 31. h4 Qc6 32. Be3 Kf7 33. Nd1 Be7 34. N1c3 Bd7 35. a4 bxa4 36. b5 Qb7 37. Qc4 Be6 38. Qxa4 Nf8 39. Nb4 Nd7 40. Ncd5 Nc5 41. Bxc5 dxc5 42. Nc6 Bxd5 43. exd5 Qc8 44. Nxe5+ Kg7 45. Qe4 Qe8 46. Nc6 Kf8 47. Qxe7+ Qxe7 48. Nxe7 Kxe7 49. b6 Kd6 50. Kf2 Kd7 51. Ke3 Kc8 52. d6 1-0